000 00517nam a2200157 a 4500
008 120416s1992 ||||||||||||||||| || u
020 _a0134888758
050 _aTJ 211 Sel
100 _aSelig, J. M
245 1 0 _aIntroductory robotics
260 _aNew York
_bFT Prentice-Hall
_c1992
300 _aviii, 152p. : ill.
350 _a0.00
650 _aROBOTICS
995 _D0.00
_FCBU-MAIN LIBRARY (Kitwe)
_H1
_I36.50
_UAVAILABLE
_ZMain Library Open Access Collection
999 _c48120
_d48120